Catalog

Record Details

Catalog Search



Psychodynamická psychoterapie  Cover Image Book Book

Psychodynamická psychoterapie / Susan Howard ; [z anglického originálu ... přeložila Hana Drábková]

Record details

  • ISBN: 978-80-7367-455-7
  • Physical Description: 145 s. ; 17 cm
  • Edition: Vyd. 1.
  • Publisher: Praha : Portál, 2008

Content descriptions

Bibliography, etc. Note:
Obsahuje bibliografii
Subject: psychodynamická psychoterapie
psychodynamic psychotherapy
Genre: příručky
handbooks and manuals

Available copies

  • 1 of 1 copy available at Common Catalog SPOK.

Holds

  • 0 current holds with 1 total copy.
Show Only Available Copies
Location Call Number / Copy Notes Barcode Shelving Location Status Due Date
Jabok Library Psy-9.3/H 424480022903 Odborná literatura Available -

Electronic resources

Version of Resource: Obsah


LDR 01330nam a2200385 a 4500
00110473
003CZ-PrJAB
00520180407104918.0
007ta
008081030s2008 xr e f 000 0 cze
015 . ‡acnb001816153
020 . ‡a978-80-7367-455-7 ‡q(brož.)
035 . ‡a(CZ PrNK)nkc20081816153
035 . ‡a(OCoLC)316298334
040 . ‡aABA001 ‡bcze
0411 . ‡acze ‡heng
072 7. ‡a615.8 ‡xFyzioterapie. Psychoterapie. Alternativní lékařství ‡2Konspekt ‡914
080 . ‡a615.851:159.964.21 ‡2MRF
080 . ‡a(035) ‡2MRF
1001 . ‡aHoward, Susan, ‡d1949- ‡7pna2008482537 ‡4aut
24510. ‡aPsychodynamická psychoterapie / ‡cSusan Howard ; [z anglického originálu ... přeložila Hana Drábková]
250 . ‡aVyd. 1.
260 . ‡aPraha : ‡bPortál, ‡c2008
300 . ‡a145 s. ; ‡c17 cm
4901 . ‡aStručný přehled
504 . ‡aObsahuje bibliografii
65007. ‡apsychodynamická psychoterapie ‡7ph268219 ‡2czenas
65009. ‡apsychodynamic psychotherapy ‡2eczenas
655 7. ‡apříručky ‡7fd133209 ‡2czenas
655 9. ‡ahandbooks and manuals ‡2eczenas
7650 . ‡tPsychodynamic counselling in a nutshell ‡9Česky
830 0. ‡aStručný přehled
85641. ‡yObsah ‡uhttp://toc.nkp.cz/NKC/200901/contents/nkc20081816153_1.pdf
910 . ‡aABG312
901 . ‡a10473 ‡bUnknown ‡c10473 ‡tbiblio

Additional Resources